Qualitätsweinsorten in Österreich - Statistiken

Allgemein
  • Dieses Quiz wurde 16 mal gespielt
  • Das Durchschnittsergebnis liegt bei 7 aus 43
Antwortstatistiken
Anbaufläche in % Rebsorte % Korrekt
4,6% Riesling
87%
32,3% Grüner Veltliner
67%
13,4% Zweigelt
67%
3,5% Muskateller
53%
4,4% Chardonnay / Morillon
40%
4,2% Weißer Burgunder
40%
5,8% Blaufränkisch
33%
3,9% Sauvignon Blanc
33%
6,5% Welschriesling
33%
1,3% Cabernet Sauvignon
27%
1,8% Merlot
27%
2,7% Müller-Thurgau / Rivaner
27%
0,5% Roter Veltliner
27%
0,5% Wiener Gemischter Satz
27%
1,2% Blauer Wildbacher
20%
1,4% Blauburgunder / Pinot Noir
13%
1,0% Blauer Portugieser
13%
0,18% Donauriesling
13%
0,1% Goldmuskateller
13%
0,3% Syrah
13%
0,3% Blütenmuskateller
7%
0,3% Cabernet Franc
7%
0,14% Donauveltliner
7%
0,5% Frühroter Veltliner / Malvasier
7%
0,7% Grauer Burgunder
7%
0,7% Muskat Ottonel
7%
0,1% Ráthay
7%
0,7% Scheurebe
7%
1,3% St. Laurent
7%
0,3% Sylvaner
7%
0,6% Traminer
7%
0,9% Blauburger
0%
0,5% Bovuier
0%
0,1% Furmint
0%
0,1% Goldburger
0%
0,0% Jubiläumsrebe
0%
0,2% Muscaris
0%
0,5% Neuburger
0%
0,6% Roesler
0%
0,0% Rosenmuskateller
0%
0,3% Rotgipfler
0%
0,2% Souvignier Gris
0%
0,1% Zierfandler
0%
Keine übereinstimmenden Quizze gefunden
Verteilung der Resultate
Anzahl Personen mit jedem Resultat
Perzentil nach korrekt beantworteten Fragen
Ihre Resultats-Entwicklung
Sie haben dieses Quiz noch nicht gespielt